| 000 | 00000nam##2200000za#4500 |
| 001 | 9.681028 |
| 003 | CaOODSP |
| 005 | 20250611103642 |
| 007 | ta |
| 008 | 150407|2000||||xxc||||| f|0| 0 fre|d |
| 020 | |a0-662-85712-7 |
| 040 | |aCaOODSP|bfre |
| 043 | |an-cn--- |
| 086 | 1 |aA15-2025/2000F |
| 110 | 1 |aCanada. |bAgriculture et agroalimentaire Canada. |
| 245 | 10|aPlanète vivante... sur papier : |bla science et le développement durable, au fédéral |
| 260 | |aOttawa - Ontario : |bAgriculture et Agroalimentaire Canada |c2000. |
| 300 | |a28p. : |bill. en couleur ; |c22 cm. |
| 500 | |aN.B.: Le numéro ISBN (0-662-28543-3) imprimé dans cette publication est incorrect. «Le présent livret, en soulignant d'autres défis relevés par les scientifiques fédéraux, sert de complément à la série Earth Tones.»--Verso de la page couverture. |
| 520 | 3 |aLe présent livret, en soulignant d'autres défis relevés par les scientifiques fédéraux, sert de complément à la série Earth Tones.--Verso de la page couverture |
| 563 | |aCouverture souple |
| 590 | |a01-12|b2001-03-23 |
| 691 | 07|aGestion de l'environnement|2gcpds |
| 691 | 07|aClimat|2gcpds |
| 691 | 07|aProduit toxique|2gcpds |
| 775 | 08|tEarth Tones... the book : |w(CaOODSP)9.647623 |
| 776 | 0#|tPlanète vivante--sur papier : |w(CaOODSP)9.641926 |
| 986 | |aPublication 2025/F. |